Investigations in universal grammar : (رقم التسجيلة. 39687)

تفاصيل مارك
000 -الفاتح
حقل البيانات ثابتة الطول 03703cam a2200481La 4500
003 - محدد رقم الضبط
رقم الضبط OSt
005 - وقت وتاريخ اخر تعامل مع التسجيلة
رقم الضبط 20160827104507.0
008 - عناصر البيانات ثابتة الطول - معلومات عامة
حقل البيانات ثابتة الطول 010327s1998 mau ob 001 0 eng d
020 ## - الرقم الدولى المعيارى للكتب
الرقم الدولى المعيارى للكتاب 9780262531801
040 ## - مصدر الفهرسة
وكالة الفهرسة الأصلية N$T
لغة الفهرسة eng
قواعد الوصف pn
وكالة النسخ N$T
وكالة التعديل OCL
-- OCLCQ
-- YDXCP
-- OCLCG
-- OCLCQ
-- TUU
-- OCLCQ
-- TNF
-- OCLCO
-- OCLCQ
-- ZCU
-- OCLCF
-- OCLCQ
-- ZXC
-- MERER
-- NLGGC
-- OCLCQ
072 #7 - رمز الفئه الموضوعية
رمز فئه الموضوع LAN
مجموعة رمز فئه الموضوع 009040
المصدر bisacsh
082 04 - رقم تصنيف ديوى العشرى
رقم التصنيف 401.93
رقم الطبعة 21
رقم المادة CSI
100 1# - المدخل الرئيسى - إسم شخصى
الإسم الشخصى Crain, Stephen,
التواريخ المصاحبة للاسم 1947-
9 (RLIN) 56253
245 10 - بيان العنوان
العنوان Investigations in universal grammar :
بقية العنوان a guide to experiments on the acquisition of syntax and semantics /
بيان المسئوليه,etc Stephen Crain and Rosalind Thornton.
250 ## - بيان الطبعة
بيان الطبعة ط. 1.
260 ## - PUBLICATION, DISTRIBUTION, ETC. (IMPRINT)
مكان الناشر او الموزع Cambridge, Mass. :
اسم الناشر او الموزع MIT Press,
تاريخ النشر أو التوزيع 2000
300 ## - الوصف المادى
التعداد 1 online resource (ix, 342 pages).
أبعاد الوعاء 24 سم.
490 1# - بيان السلسلة
عنوان السلسلة Language, speech, and communication
504 ## - تبصرة ببليوجرافية
تبصرة ببليوجرافية,الخ Includes bibliographical references (pages 321-338) and index.
505 00 - تبصرة محتويات-الفهرس
معلومات متنوعة pt. I.
العنوان The Modularity Matching Model.
معلومات متنوعة Ch. 1.
العنوان Introduction.
معلومات متنوعة Ch. 2.
العنوان Constraints and Universal Grammar.
معلومات متنوعة Ch. 3.
العنوان The Poverty of the Stimulus.
معلومات متنوعة Ch. 4.
العنوان Models of Language Development.
معلومات متنوعة Ch. 5.
العنوان Continuity versus Input Matching.
معلومات متنوعة Ch. 6.
العنوان The Competing Factors Model.
معلومات متنوعة Ch. 7.
العنوان Competing Tasks: Reaction Time Studies.
معلومات متنوعة Ch. 8.
العنوان Competing Tasks: The Act Out Task.
معلومات متنوعة Ch. 9.
العنوان Competing Tasks: Imitation.
معلومات متنوعة Ch. 10.
العنوان Judgment Tasks and Competing Factors.
معلومات متنوعة Ch. 11.
العنوان Context and Competing Factors.
معلومات متنوعة Ch. 12.
العنوان Language Processing.
معلومات متنوعة Ch. 13.
العنوان Extralinguistic Knowledge.
معلومات متنوعة Ch. 14.
العنوان When Principles and Preferences Collide.
معلومات متنوعة Ch. 15.
العنوان Performance Errors.
معلومات متنوعة Ch. 16.
العنوان Methodological Preliminaries
معلومات متنوعة pt. II.
العنوان The Elicited Production Task.
معلومات متنوعة Ch. 17.
العنوان Elicited Production.
معلومات متنوعة Ch. 18.
العنوان Eliciting Relative Clauses.
معلومات متنوعة Ch. 19.
العنوان Asking Questions: The "Ask/Tell" Problem.
معلومات متنوعة Ch. 20.
العنوان Structure Dependence.
معلومات متنوعة Ch. 21.
العنوان Wanna Contraction.
معلومات متنوعة Ch. 22.
العنوان Long Distance Questions and the Medial Wh.
معلومات متنوعة Ch. 23.
العنوان Why Children Make Good Subjects.
معلومات متنوعة Ch. 24.
العنوان Summary of Designs
معلومات متنوعة pt. III.
العنوان The Truth Value Judgment Task.
معلومات متنوعة Ch. 25.
العنوان Truth Value Judgments.
معلومات متنوعة Ch. 26.
العنوان Backward Anaphora.
معلومات متنوعة Ch. 27.
العنوان Fundamentals of Design: Principle C.
معلومات متنوعة Ch. 28.
العنوان What's Wrong with This Picture?
معلومات متنوعة Ch. 29.
العنوان Strong Crossover.
معلومات متنوعة Ch. 30.
العنوان Strongest Crossover.
معلومات متنوعة Ch. 31.
العنوان Principle B.
معلومات متنوعة Ch. 32.
العنوان Following Up on Principle B.
معلومات متنوعة Ch. 33.
العنوان Sets and Circumstances.
معلومات متنوعة Ch. 34.
العنوان Discourse Binding.
معلومات متنوعة Ch. 35.
العنوان Universal Quantification.
معلومات متنوعة Ch. 36.
العنوان Donkey Sentences.
معلومات متنوعة Ch. 37.
العنوان A Potential Drawback of the Task.
معلومات متنوعة Ch. 38.
العنوان Resolving the Dilemma: Control Sentences.
معلومات متنوعة Ch. 39.
العنوان Resolving the Dilemma: Varying the Context.
معلومات متنوعة Ch. 40.
العنوان Conclusion.
650 #0 - المدخل الاضافى بالموضوع-مصطلح موضوعى
مصطلح موضوعي أو اسم جغرافي كعنصر مدخل Language acquisition
التقسيم الفرعي العام Research
-- Methodology.
9 (RLIN) 56254
650 #0 - المدخل الاضافى بالموضوع-مصطلح موضوعى
مصطلح موضوعي أو اسم جغرافي كعنصر مدخل Grammar, Comparative and general
التقسيم الفرعي العام Syntax.
9 (RLIN) 56255
650 #0 - المدخل الاضافى بالموضوع-مصطلح موضوعى
مصطلح موضوعي أو اسم جغرافي كعنصر مدخل Semantics.
9 (RLIN) 56256
650 #0 - المدخل الاضافى بالموضوع-مصطلح موضوعى
مصطلح موضوعي أو اسم جغرافي كعنصر مدخل Competence and performance (Linguistics)
9 (RLIN) 56257
650 #4 - المدخل الاضافى بالموضوع-مصطلح موضوعى
مصطلح موضوعي أو اسم جغرافي كعنصر مدخل Gramática comparada y general
التقسيم الفرعي العام Sintaxis.
9 (RLIN) 56258
650 #4 - المدخل الاضافى بالموضوع-مصطلح موضوعى
مصطلح موضوعي أو اسم جغرافي كعنصر مدخل Semántica.
9 (RLIN) 56259
650 #4 - المدخل الاضافى بالموضوع-مصطلح موضوعى
مصطلح موضوعي أو اسم جغرافي كعنصر مدخل Competencia y actuación (Lingüística)
9 (RLIN) 56260
650 #6 - المدخل الاضافى بالموضوع-مصطلح موضوعى
مصطلح موضوعي أو اسم جغرافي كعنصر مدخل Langage
التقسيم الفرعي العام Acquisition
-- Recherche.
9 (RLIN) 56261
650 #6 - المدخل الاضافى بالموضوع-مصطلح موضوعى
مصطلح موضوعي أو اسم جغرافي كعنصر مدخل Syntaxe.
9 (RLIN) 56262
650 #6 - المدخل الاضافى بالموضوع-مصطلح موضوعى
مصطلح موضوعي أو اسم جغرافي كعنصر مدخل Sémantique.
9 (RLIN) 56263
650 #6 - المدخل الاضافى بالموضوع-مصطلح موضوعى
مصطلح موضوعي أو اسم جغرافي كعنصر مدخل Compétence et performance (Linguistique)
9 (RLIN) 56264
650 #7 - المدخل الاضافى بالموضوع-مصطلح موضوعى
مصطلح موضوعي أو اسم جغرافي كعنصر مدخل LANGUAGE ARTS & DISCIPLINES
التقسيم الفرعي العام Linguistics
-- Psycholinguistics.
مصدر الرأس أو المصطلح bisacsh
9 (RLIN) 56265
650 #7 - المدخل الاضافى بالموضوع-مصطلح موضوعى
مصطلح موضوعي أو اسم جغرافي كعنصر مدخل Competence and performance (Linguistics)
مصدر الرأس أو المصطلح fast
9 (RLIN) 56257
650 #7 - المدخل الاضافى بالموضوع-مصطلح موضوعى
مصطلح موضوعي أو اسم جغرافي كعنصر مدخل Grammar, Comparative and general
التقسيم الفرعي العام Syntax.
مصدر الرأس أو المصطلح fast
9 (RLIN) 56255
650 #7 - المدخل الاضافى بالموضوع-مصطلح موضوعى
مصطلح موضوعي أو اسم جغرافي كعنصر مدخل Language acquisition
التقسيم الفرعي العام Research
-- Methodology.
مصدر الرأس أو المصطلح fast
9 (RLIN) 56254
650 #7 - المدخل الاضافى بالموضوع-مصطلح موضوعى
مصطلح موضوعي أو اسم جغرافي كعنصر مدخل Semantics.
مصدر الرأس أو المصطلح fast
9 (RLIN) 56256
650 17 - المدخل الاضافى بالموضوع-مصطلح موضوعى
مصطلح موضوعي أو اسم جغرافي كعنصر مدخل Experimenteel onderzoek.
مصدر الرأس أو المصطلح gtt
9 (RLIN) 56266
650 17 - المدخل الاضافى بالموضوع-مصطلح موضوعى
مصطلح موضوعي أو اسم جغرافي كعنصر مدخل Taalverwerving.
مصدر الرأس أو المصطلح gtt
9 (RLIN) 56267
650 17 - المدخل الاضافى بالموضوع-مصطلح موضوعى
مصطلح موضوعي أو اسم جغرافي كعنصر مدخل Universele grammatica.
مصدر الرأس أو المصطلح gtt
9 (RLIN) 56268
650 17 - المدخل الاضافى بالموضوع-مصطلح موضوعى
مصطلح موضوعي أو اسم جغرافي كعنصر مدخل Semantiek.
مصدر الرأس أو المصطلح gtt
9 (RLIN) 56269
700 1# - المدخل الاضافى - اسم شخصى
الإسم الشخصى Thornton, Rosalind.
9 (RLIN) 56270
942 ## - عناصر المدخل الإضافي( كوها)
Koha [default] item type كتاب
المقتنيات
حالة الفقد نموذج السعر الفعال حالة تلف ليس للاعارة رقم الطلب تاريخ الاكتساب الموقع الحالي الباركود الفرع الرئيسي Date last seen نوع المادة فى نظام كوها مصدر التصنيف او خطة الترفيف Total Checkouts
  2016-08-27     401.93 CSI 2016-08-27 المكتبة المركزية بالمجمعة (CL) 00654676 المكتبة المركزية بالمجمعة (CL) 2016-08-27 كتاب Dewey Decimal Classification  
  2016-08-27     401.93 CSI 2016-08-27 المكتبة المركزية بالمجمعة (CL) 00654677 المكتبة المركزية بالمجمعة (CL) 2016-08-27 كتاب Dewey Decimal Classification  
  2016-08-27     401.93 CSI 2016-08-27 مكتبة كلية التمريض - طلاب (CNM) 00654914 مكتبة كلية التمريض - طلاب (CNM) 2016-08-27 كتاب Dewey Decimal Classification  
  2016-08-27     401.93 CSI 2016-08-27 مكتبة كلية التمريض - طلاب (CNM) 00654915 مكتبة كلية التمريض - طلاب (CNM) 2016-08-27 كتاب Dewey Decimal Classification  
  2016-08-27     401.93 CSI 2016-08-27 مكتبة كلية العلوم و الدراسات الإنسانية برماح - طلاب (SRM) 00654678 مكتبة كلية العلوم و الدراسات الإنسانية برماح - طلاب (SRM) 2016-08-27 كتاب Dewey Decimal Classification